Nat Tate 1928-1960: el enigma de un artista americano
Saved in:
| Hovedforfatter: | |
|---|---|
| Format: | Bog |
| Sprog: | spansk |
| Udgivet: |
Barcelona
Malpaso Ediciones
2014
|
| Udgivelse: | 1a. ed |
| Fag: | |
| Tags: |
Tilføj Tag
Ingen Tags, Vær først til at tagge denne postø!
|
MARC
| LEADER | 00000cam a2200000 a 4500 | ||
|---|---|---|---|
| 001 | UCD1278 | ||
| 003 | CL-VaPUC | ||
| 008 | 160121e20141000sp |||||||||||||||||spa|d | ||
| 020 | |a 9788415996446 | ||
| 082 | 0 | 4 | |a 759.13 |b BOY |2 21 |
| 100 | 0 | |a Boyd, William |e author |9 584375 | |
| 245 | 1 | 0 | |a Nat Tate 1928-1960: el enigma de un artista americano |
| 250 | |a 1a. ed | ||
| 300 | |a 89 p | ||
| 942 | |c BK | ||
| 945 | |d 20160121 16:41:00 |a arojas | ||
| 260 | |a Barcelona |b Malpaso Ediciones |c 2014 | ||
| 650 | 0 | |a Artistas estadounidenses |9 519563 | |
| 650 | 0 | |a Biografías |9 255210 | |
| 650 | 0 | |a Fotografías artísticas |9 535989 | |
| 650 | 0 | |a Arte impresionista |9 444328 | |
| 650 | 0 | |a Arte abstracto |9 265105 | |
| 583 | |a last modification |c 20160121 16:41:00 |k Rodrigo Vera | ||
| 999 | |c 362646 |d 362644 | ||
| 952 | |0 0 |1 0 |3 erd |4 0 |6 759_130000000000000_BOY_2014 |7 0 |8 A |9 474039 |a BIBART |b BIBART |i 5263409 |o 759.13 BOY 2014 |p 5263409 |r 2025-03-13 |w 2019-11-24 |y BK |z Catalogado en:20160121 |k ART | ||